Computer graphics - SIGGRAPH

Saved in:
Bibliographic Details
Format: Serial
Published: 2000
Tags: Add Tag
No Tags, Be the first to tag this record!

MARC

LEADER 00000nas a22000003a 4500
001 stu70001
005 20141121234836.5
008 011106s2000----------------------------d
040 |a STU  |b slo 
041 0
245 |a Computer graphics - SIGGRAPH 
260 |c 2000 
500 |a 2000 
500 |a 4 
500 |a 1-4 
773 0 |t Computer graphics - SIGGRAPH  |w stu_us_cat*stu59579  |x 0097-8930  |7 nnas 
996 |d Vol. 34, 2000  |v Vol. 34  |y 2000  |l EE0103  |s A  |a 24  |w stu70001_0001